<?xml version="1.0" encoding="UTF-8"?>
<record
    xmlns:xsi="http://www.w3.org/2001/XMLSchema-instance"
    xsi:schemaLocation="http://www.loc.gov/MARC21/slim http://www.loc.gov/standards/marcxml/schema/MARC21slim.xsd"
    xmlns="http://www.loc.gov/MARC21/slim">

  <leader>00529nam a2200181Ia 4500</leader>
  <controlfield tag="008">220501s2018    xx            000 0 eng d</controlfield>
  <datafield tag="020" ind1=" " ind2=" ">
    <subfield code="a">9789353061807</subfield>
  </datafield>
  <datafield tag="082" ind1=" " ind2=" ">
    <subfield code="a">158.3 GLA-C</subfield>
  </datafield>
  <datafield tag="100" ind1=" " ind2=" ">
    <subfield code="a">Gladding, Samuel T.</subfield>
  </datafield>
  <datafield tag="245" ind1=" " ind2="0">
    <subfield code="a">Counseling :</subfield>
    <subfield code="b">a comprehensive profession /</subfield>
    <subfield code="c">Samuel T. Gladding and adapted by Promila Batra</subfield>
  </datafield>
  <datafield tag="250" ind1=" " ind2=" ">
    <subfield code="a">8th ed.</subfield>
  </datafield>
  <datafield tag="260" ind1=" " ind2=" ">
    <subfield code="a">Noida :</subfield>
    <subfield code="b">Pearson,</subfield>
    <subfield code="c">2018.</subfield>
  </datafield>
  <datafield tag="300" ind1=" " ind2=" ">
    <subfield code="a">xxix, 744 p.;</subfield>
  </datafield>
  <datafield tag="650" ind1=" " ind2=" ">
    <subfield code="a">Counseling</subfield>
  </datafield>
  <datafield tag="650" ind1=" " ind2=" ">
    <subfield code="a">Counseling psychology</subfield>
  </datafield>
  <datafield tag="700" ind1=" " ind2=" ">
    <subfield code="a">Batra, Promila</subfield>
  </datafield>
  <datafield tag="942" ind1=" " ind2=" ">
    <subfield code="2">ddc</subfield>
    <subfield code="c">REF</subfield>
    <subfield code="0">1</subfield>
  </datafield>
  <datafield tag="999" ind1=" " ind2=" ">
    <subfield code="c">18205</subfield>
    <subfield code="d">18205</subfield>
  </datafield>
  <datafield tag="952" ind1=" " ind2=" ">
    <subfield code="0">0</subfield>
    <subfield code="1">0</subfield>
    <subfield code="2">ddc</subfield>
    <subfield code="4">0</subfield>
    <subfield code="7">0</subfield>
    <subfield code="a">SOBD</subfield>
    <subfield code="b">SOBD</subfield>
    <subfield code="d">2022-05-26</subfield>
    <subfield code="e">Vedi Books</subfield>
    <subfield code="o">158.3 GLA-C1</subfield>
    <subfield code="p">001503</subfield>
    <subfield code="r">2025-09-04</subfield>
    <subfield code="t">1</subfield>
    <subfield code="w">2022-04-14</subfield>
    <subfield code="y">REF</subfield>
    <subfield code="k">VEDI/22-23/04/11</subfield>
  </datafield>
  <datafield tag="952" ind1=" " ind2=" ">
    <subfield code="0">0</subfield>
    <subfield code="1">0</subfield>
    <subfield code="2">ddc</subfield>
    <subfield code="4">0</subfield>
    <subfield code="7">0</subfield>
    <subfield code="a">SOBD</subfield>
    <subfield code="b">SOBD</subfield>
    <subfield code="d">2022-05-26</subfield>
    <subfield code="e">Vedi Books</subfield>
    <subfield code="o">158.3 GLA-C2</subfield>
    <subfield code="p">001504</subfield>
    <subfield code="r">2022-07-01</subfield>
    <subfield code="t">2</subfield>
    <subfield code="w">2022-04-14</subfield>
    <subfield code="y">BK</subfield>
    <subfield code="k">VEDI/22-23/04/11</subfield>
  </datafield>
  <datafield tag="952" ind1=" " ind2=" ">
    <subfield code="0">0</subfield>
    <subfield code="1">0</subfield>
    <subfield code="2">ddc</subfield>
    <subfield code="4">0</subfield>
    <subfield code="7">0</subfield>
    <subfield code="a">SOBD</subfield>
    <subfield code="b">SOBD</subfield>
    <subfield code="d">2022-06-01</subfield>
    <subfield code="e">Vedi Books</subfield>
    <subfield code="o">158.3 GLA-C3</subfield>
    <subfield code="p">001936</subfield>
    <subfield code="r">2022-07-01</subfield>
    <subfield code="t">3</subfield>
    <subfield code="w">2022-04-18</subfield>
    <subfield code="y">BK</subfield>
    <subfield code="k">VEDI/22-23/04/21</subfield>
  </datafield>
  <datafield tag="952" ind1=" " ind2=" ">
    <subfield code="0">0</subfield>
    <subfield code="1">0</subfield>
    <subfield code="2">ddc</subfield>
    <subfield code="4">0</subfield>
    <subfield code="7">0</subfield>
    <subfield code="a">SOBD</subfield>
    <subfield code="b">SOBD</subfield>
    <subfield code="d">2022-06-01</subfield>
    <subfield code="e">Vedi Books</subfield>
    <subfield code="l">2</subfield>
    <subfield code="o">158.3 GLA-C4</subfield>
    <subfield code="p">001937</subfield>
    <subfield code="r">2023-05-17</subfield>
    <subfield code="s">2023-05-17</subfield>
    <subfield code="t">4</subfield>
    <subfield code="w">2022-04-18</subfield>
    <subfield code="y">BK</subfield>
    <subfield code="k">VEDI/22-23/04/21</subfield>
  </datafield>
  <datafield tag="952" ind1=" " ind2=" ">
    <subfield code="0">0</subfield>
    <subfield code="1">0</subfield>
    <subfield code="2">ddc</subfield>
    <subfield code="4">0</subfield>
    <subfield code="7">0</subfield>
    <subfield code="a">SOBD</subfield>
    <subfield code="b">SOBD</subfield>
    <subfield code="d">2022-06-01</subfield>
    <subfield code="e">Vedi Books</subfield>
    <subfield code="o">158.3 GLA-C5</subfield>
    <subfield code="p">001938</subfield>
    <subfield code="r">2022-07-01</subfield>
    <subfield code="t">5</subfield>
    <subfield code="w">2022-04-18</subfield>
    <subfield code="y">BK</subfield>
    <subfield code="k">VEDI/22-23/04/21</subfield>
  </datafield>
  <datafield tag="952" ind1=" " ind2=" ">
    <subfield code="0">0</subfield>
    <subfield code="1">0</subfield>
    <subfield code="2">ddc</subfield>
    <subfield code="4">0</subfield>
    <subfield code="7">0</subfield>
    <subfield code="a">SOBD</subfield>
    <subfield code="b">SOBD</subfield>
    <subfield code="d">2022-06-01</subfield>
    <subfield code="e">Vedi Books</subfield>
    <subfield code="o">158.3 GLA-C6</subfield>
    <subfield code="p">001939</subfield>
    <subfield code="r">2022-07-01</subfield>
    <subfield code="t">6</subfield>
    <subfield code="w">2022-04-18</subfield>
    <subfield code="y">BK</subfield>
    <subfield code="k">VEDI/22-23/04/21</subfield>
  </datafield>
  <datafield tag="952" ind1=" " ind2=" ">
    <subfield code="0">0</subfield>
    <subfield code="1">0</subfield>
    <subfield code="2">ddc</subfield>
    <subfield code="4">0</subfield>
    <subfield code="7">0</subfield>
    <subfield code="a">SOBD</subfield>
    <subfield code="b">SOBD</subfield>
    <subfield code="d">2022-06-01</subfield>
    <subfield code="e">Vedi Books</subfield>
    <subfield code="o">158.3 GLA-C7</subfield>
    <subfield code="p">001940</subfield>
    <subfield code="r">2022-07-01</subfield>
    <subfield code="t">7</subfield>
    <subfield code="w">2022-04-18</subfield>
    <subfield code="y">BK</subfield>
    <subfield code="k">VEDI/22-23/04/21</subfield>
  </datafield>
  <datafield tag="952" ind1=" " ind2=" ">
    <subfield code="0">0</subfield>
    <subfield code="1">0</subfield>
    <subfield code="2">ddc</subfield>
    <subfield code="4">0</subfield>
    <subfield code="7">0</subfield>
    <subfield code="a">SOBD</subfield>
    <subfield code="b">SOBD</subfield>
    <subfield code="d">2023-05-25</subfield>
    <subfield code="e">Vedi Books</subfield>
    <subfield code="f">INR</subfield>
    <subfield code="g">650.00</subfield>
    <subfield code="o">158.3 GLA-C8</subfield>
    <subfield code="p">004537</subfield>
    <subfield code="r">2023-05-25</subfield>
    <subfield code="t">8</subfield>
    <subfield code="w">2023-05-06</subfield>
    <subfield code="y">BK</subfield>
    <subfield code="k">VEDI/23-24/05/07</subfield>
  </datafield>
  <datafield tag="952" ind1=" " ind2=" ">
    <subfield code="0">0</subfield>
    <subfield code="1">0</subfield>
    <subfield code="2">ddc</subfield>
    <subfield code="4">0</subfield>
    <subfield code="7">0</subfield>
    <subfield code="a">SOBD</subfield>
    <subfield code="b">SOBD</subfield>
    <subfield code="d">2023-05-25</subfield>
    <subfield code="e">Vedi Books</subfield>
    <subfield code="f">INR</subfield>
    <subfield code="g">650.00</subfield>
    <subfield code="o">158.3 GLA-C9</subfield>
    <subfield code="p">004538</subfield>
    <subfield code="r">2023-05-25</subfield>
    <subfield code="t">9</subfield>
    <subfield code="w">2023-05-06</subfield>
    <subfield code="y">BK</subfield>
    <subfield code="k">VEDI/23-24/05/07</subfield>
  </datafield>
  <datafield tag="952" ind1=" " ind2=" ">
    <subfield code="0">0</subfield>
    <subfield code="1">0</subfield>
    <subfield code="2">ddc</subfield>
    <subfield code="4">0</subfield>
    <subfield code="7">0</subfield>
    <subfield code="a">SOBD</subfield>
    <subfield code="b">SOBD</subfield>
    <subfield code="d">2023-05-25</subfield>
    <subfield code="e">Vedi Books</subfield>
    <subfield code="f">INR</subfield>
    <subfield code="g">650.00</subfield>
    <subfield code="o">158.3 GLA-C10</subfield>
    <subfield code="p">004539</subfield>
    <subfield code="r">2023-05-25</subfield>
    <subfield code="t">10</subfield>
    <subfield code="w">2023-05-06</subfield>
    <subfield code="y">BK</subfield>
    <subfield code="k">VEDI/23-24/05/07</subfield>
  </datafield>
  <datafield tag="952" ind1=" " ind2=" ">
    <subfield code="0">0</subfield>
    <subfield code="1">0</subfield>
    <subfield code="2">ddc</subfield>
    <subfield code="4">0</subfield>
    <subfield code="7">0</subfield>
    <subfield code="a">SOBD</subfield>
    <subfield code="b">SOBD</subfield>
    <subfield code="d">2023-05-25</subfield>
    <subfield code="e">Vedi Books</subfield>
    <subfield code="f">INR</subfield>
    <subfield code="g">650.00</subfield>
    <subfield code="o">158.3 GLA-C11</subfield>
    <subfield code="p">004540</subfield>
    <subfield code="r">2023-05-25</subfield>
    <subfield code="t">11</subfield>
    <subfield code="w">2023-05-06</subfield>
    <subfield code="y">BK</subfield>
    <subfield code="k">VEDI/23-24/05/07</subfield>
  </datafield>
  <datafield tag="952" ind1=" " ind2=" ">
    <subfield code="0">0</subfield>
    <subfield code="1">0</subfield>
    <subfield code="2">ddc</subfield>
    <subfield code="4">0</subfield>
    <subfield code="7">0</subfield>
    <subfield code="a">SOBD</subfield>
    <subfield code="b">SOBD</subfield>
    <subfield code="d">2023-05-25</subfield>
    <subfield code="e">Vedi Books</subfield>
    <subfield code="f">INR</subfield>
    <subfield code="g">650.00</subfield>
    <subfield code="l">1</subfield>
    <subfield code="o">158.3 GLA-C12</subfield>
    <subfield code="p">004541</subfield>
    <subfield code="r">2024-10-04</subfield>
    <subfield code="s">2024-06-25</subfield>
    <subfield code="t">12</subfield>
    <subfield code="w">2023-05-06</subfield>
    <subfield code="y">BK</subfield>
    <subfield code="k">VEDI/23-24/05/07</subfield>
  </datafield>
  <datafield tag="952" ind1=" " ind2=" ">
    <subfield code="0">0</subfield>
    <subfield code="1">0</subfield>
    <subfield code="2">ddc</subfield>
    <subfield code="4">0</subfield>
    <subfield code="7">0</subfield>
    <subfield code="a">SOBD</subfield>
    <subfield code="b">SOBD</subfield>
    <subfield code="d">2023-05-30</subfield>
    <subfield code="e">Vedi Books</subfield>
    <subfield code="f">INR</subfield>
    <subfield code="g">650.00</subfield>
    <subfield code="l">0</subfield>
    <subfield code="o">158.3 GLA-C13</subfield>
    <subfield code="p">003375</subfield>
    <subfield code="r">2023-05-30</subfield>
    <subfield code="t">13</subfield>
    <subfield code="w">2023-05-30</subfield>
    <subfield code="y">BK</subfield>
  </datafield>
</record>
